|
|
|
|
| LEADER |
01149nam a2200253 i 4500 |
| 003 |
GR-PaULI |
| 005 |
20210117210646.0 |
| 008 |
180626r19701624g ||||g |||| 00| 0 ger d |
| 020 |
|
|
|a 3150083974
|
| 040 |
|
|
|a GR-PaULI
|b gre
|c GR-PaULI
|e AACR2
|
| 082 |
0 |
4 |
|2 23
|a 831.6
|
| 100 |
1 |
|
|9 169754
|a Opitz, Martin,
|d 1597-1639.
|e συγγραφέας
|
| 245 |
1 |
0 |
|a Buch von der deutschen Poeterey :
|b (1624) /
|c Martin Opitz ; hrsg. von Cornelius Sommer.
|
| 260 |
|
|
|a Stuttgart :
|b Reclam,
|c 1970.
|
| 300 |
|
|
|a 112 σ. ;
|c 16 εκ.
|
| 490 |
0 |
|
|a Universal-Bibliothek ;
|v Nr. 8397/98
|
| 500 |
|
|
|a Επανέκδοση από την έκδοση του 1624 από τον D. Muller, Breslau.
|
| 504 |
|
|
|6 Περιλαμβάνει βιβλιογραφία (σ. 97-98).
|
| 650 |
|
4 |
|9 77520
|a Ποιητική
|v Πρώιμα έργα μέχρι το 1800
|
| 700 |
1 |
4 |
|9 169755
|a Sommer, Cornelius.
|e επιμελητής
|
| 942 |
|
|
|2 ddc
|c BK15
|
| 952 |
|
|
|0 0
|1 0
|2 ddc
|4 0
|6 831_600000000000000_OPI
|7 0
|9 223592
|a THST
|b THST
|d 2018-06-26
|i 005227
|l 0
|o 831.6 OPI
|p 025000013439
|r 2018-06-26 00:00:00
|t 1
|v 2018.00
|w 2018-06-26
|y BK15
|
| 998 |
|
|
|c ΜΑΝΙΑ
|d 2018-06
|
| 999 |
|
|
|c 135110
|d 135110
|